|
|
|
|
| LEADER |
00841nta a2200205 i 4500 |
| 001 |
dipl37366 |
| 005 |
20160520155858.0 |
| 008 |
120710s2012 hu om 0|| zxx d |
| 040 |
|
|
|a SZTE Diploma Repozitórium
|b hun
|
| 041 |
|
|
|a zxx
|
| 100 |
1 |
|
|a Bogár Tamás
|
| 245 |
1 |
0 |
|a 3D felületi hálók egyszerűsítése
|h [elektronikus dokumentum] /
|c Tamás Bogár
|
| 260 |
|
|
|c 2012
|
| 650 |
|
4 |
|a Informatika
|
| 650 |
|
4 |
|a Computer and information sciences
|
| 700 |
0 |
1 |
|a Németh Gábor
|e ths
|
| 700 |
0 |
1 |
|a Erdőhelyi Balázs
|e ths
|
| 856 |
4 |
0 |
|u https://diploma.bibl.u-szeged.hu/id/eprint/37366/1/2012_bogar_tamas.pdf
|z Dokumentum-elérés
|
| 856 |
4 |
0 |
|u https://diploma.bibl.u-szeged.hu/id/eprint/37366/2/2012_bogar_tamas_biralati.pdf
|z Dokumentum-elérés
|
| 856 |
4 |
0 |
|u https://diploma.bibl.u-szeged.hu/id/eprint/37366/3/2012_bogar_tamas.tgz
|z Dokumentum-elérés
|